| 000 | 00457nam a2200181Ia 4500 | ||
|---|---|---|---|
| 003 | LK-CoDNM | ||
| 008 | 010623t1999 xxu||||| |||| 00| 1 eng d | ||
| 040 |
_aLK-CoDNM _dLK-CoDNM _eLK-CoDNM |
||
| 041 | _aeng | ||
| 080 |
_a(x) 929 _bWIJ |
||
| 100 | _aWijekulasuriya, Metthananda | ||
| 245 | _aArjuna Ranathunga : The Ideal Captain | ||
| 260 |
_b _c1999 |
||
| 300 | _b(xx)84, 21.5 cm | ||
| 650 | _aArjuna Ranathunga | ||
| 650 | _aBiography | ||
| 942 | _cBK | ||
| 999 |
_c119291 _d119291 |
||